00658nam a2200181 i 4500001000700000003000900007007000300016008004100019080002800060100003300088245009600121260003400217300002200251500002900273852003300302999001900335952012200354105820ES-MaACLt|060830s1947 bo ||||1| spa d a821.134.2(861.2)-31"19"1 aMendoza López, Max.98026310aSol de justicia b: (novela de la meseta andina, escrita para el pueblo) / cMax Mendoza L. aLa Paz : bUniverso, c[1947] a311 p. ; c20 cm. aBiblioteca Juan Andrade. aES-MaACLjAND-653 bR.109950 c105820d105820 00104070aATENEOMbATENEOMcDEPO2d2008-01-17eSCl0oAND-653p1110478r2023-02-23 00:00:00w2023-02-23yMONOGRAFIA